Principles of occupational health & hygiene : an introduction

Bibliographic Details
Other Authors: Tillman, Cherilyn
Format: Book
Language:English
Published: Crows Nest, Australia : Allen & Unwin , 2008
Subjects:

MARC

LEADER 00000cam a2200000 7i4500
001 0000024228
005 20120404.0
008 120328s at a eng
020 |a 9781741750584 ,   |c RM228.70 
040 |a INS 
090 0 0 |a HD7261   |b P75 2008 
245 0 0 |a Principles of occupational health & hygiene :   |b an introduction   |f edited by Cherilyn Tillman 
260 |a Crows Nest, Australia :   |b Allen & Unwin ,   |c 2008 
300 |a xvii, 478p. :   |b ill. ;   |c 23cm. 
500 |a Includes index 
650 0 |a Industrial hygiene 
650 0 |a Industrial safety 
650 0 |a Occupational health services 
700 1 |a Tillman, Cherilyn 
999 |a 1000000662   |b BOOK   |c Open Shelf   |e Default branch